| 000 | 01011nam a2200325Ia 4500 | ||
|---|---|---|---|
| 001 | Z_2451 | ||
| 003 | CHAP | ||
| 008 | 220113s[198 xx 000 0 und d | ||
| 010 | _a165505 | ||
| 020 | _a968-18-0734-0 | ||
| 040 | _cCHAP | ||
| 082 | _a519.5 O88 | ||
| 100 | 1 |
_aOstle, Bernard _984273 |
|
| 245 |
_aEstadística aplicada : técnicas de la estadística moderna, cuando y donde aplicarlas / _cpor Bernard Ostle ; version española Dagoberto de la Serna Valdivia |
||
| 260 |
_aMéxico : _bLimusa, _c[198 |
||
| 300 | _a629 p. | ||
| 500 | _aTítulo de la obra en inglés: Statistics in research de1963 | ||
| 503 | _aej.1: s/n \ ej.2: s/n \ ej.3: s/n | ||
| 504 | _aIncluye bibliografía al final de cada capítulo | ||
| 650 |
_aAnálisis estadístico _95984 |
||
| 650 |
_aEstadística _938241 |
||
| 650 |
_aProbabilidad _991685 |
||
| 700 | 1 |
_aSerna Valdivia, Dagoberto de la _9139373 |
|
| 901 | _a519.5 O88 | ||
| 902 | _aM | ||
| 910 | _a[198 | ||
| 942 | _c1 | ||
| 942 | _cc1 | ||
| 999 |
_c165505 _d165505 |
||